000 00951nam a2200277Ia 4500
003 OSt
005 20221005110345.0
006 a|||||r|||| 00| 0
007 ta
008 221004b |||||||| |||| 00| 0 hin d
020 _a9788193933435 (hbk)
_cIndian Rupees 300
024 _a43850
037 _bGift, 29/05/2019,
_cTextual
040 _aCRL
_cCRL
_bhin
041 _2hin
_ahin
082 _aP:795, 152Q9
100 _aतिवारी, भोलानाथ, ले.
245 0 _aअनुवाद विज्ञान
246 _aAnuvād vijnyāna
260 _aनई दिल्ली
_bकिताबघर प्रकाशन भारत
_c2019
300 _a195पृ0
_ccm.
650 _a अनुवाद
650 _aभाषाशास्त्र
942 _hP:795, 152Q9
_cTEXL
_2cc
999 _c1018566
_d1018566